Strategy for crime prevention / (Record no. 125936)

MARC details
000 -LEADER
fixed length control field 00611nam a22002177a 4500
005 - DATE AND TIME OF LATEST TRANSACTION
control field 20170124110002.0
010 ## - LIBRARY OF CONGRESS CONTROL NUMBER
LC control number 815120
020 ## - INTERNATIONAL STANDARD BOOK NUMBER
Terms of availability 30.00
035 ## - SYSTEM CONTROL NUMBER
System control number 815120
037 ## - SOURCE OF ACQUISITION
Source of stock number/acquisition Cen Lib/Ret
040 ## - CATALOGING SOURCE
Original cataloging agency DPL
Language of cataloging EN
082 ## - DEWEY DECIMAL CLASSIFICATION NUMBER
Classification number 352
Item number SIR
100 ## - MAIN ENTRY--PERSONAL NAME
Personal name Sirohi, J. S.
9 (RLIN) 16031
245 ## - TITLE STATEMENT
Title Strategy for crime prevention /
Statement of responsibility, etc by J.S. Sirohi
260 ## - PUBLICATION, DISTRIBUTION, ETC. (IMPRINT)
Name of publisher, distributor, etc University Book House
Place of publication, distribution, etc New Delhi
270 ## - ADDRESS
City New Delhi
Address 15, U.B. Bunglow Road, Jawahar Nagar
300 ## - PHYSICAL DESCRIPTION
Extent 280p.
Dimensions 21cm(Hb)
650 ## - SUBJECT ADDED ENTRY--TOPICAL TERM
Topical term or geographic name as entry element Criminology
9 (RLIN) 80659
650 ## - SUBJECT ADDED ENTRY--TOPICAL TERM
Topical term or geographic name as entry element Crime prevention
9 (RLIN) 15450
942 ## - ADDED ENTRY ELEMENTS (KOHA)
Source of classification or shelving scheme Dewey Decimal Classification
Koha item type English Books
Classification part 364.4
Call number suffix SIR
Holdings
Withdrawn status Lost status Damaged status Not for loan Home library Current library Date acquired Source of acquisition Cost, normal purchase price Total Checkouts Full call number Barcode Date last seen Copy number Cost, replacement price Price effective from Koha item type Public note
Written off       Central Library Central Library 24/06/2015 Cen Lib/Ret 30.00   352 SIR 815120 24/06/2015 1 30.00 24/06/2015 English Books W/d List No. 6886/5 ; dtd 07/09/2020

© Delhi Public Library
Hit Counter
free hit counter